书目信息 |
| 题名: |
英语疑难词语辨析词典
|
|
| 作者: | 肖 著 ;贾飙 译 | |
| 分册: | ||
| 出版信息: | 石家庄 河北教育出版社 1992.1 |
|
| 页数: | 295页 | |
| 开本: | 19cm | |
| 丛书名: | ||
| 单 册: | ||
| 中图分类: | H313-61 | |
| 科图分类: | ||
| 主题词: | 英语--语义--词典 , 英语--词汇--词典 | |
| 电子资源: | ||
| ISBN: | 7-5434-0968-2 | |
| 000 | 00704nam0 2200241 45 | |
| 001 | 0192011287 | |
| 005 | 20050419152456.1 | |
| 010 | @a7-5434-0968-2@dCNY3.55 | |
| 020 | @aCN@b92011287 | |
| 100 | @a19921118d1992 em y0chiy0121 ea | |
| 101 | 2 | @achi@aeng |
| 102 | @aCN@b130000 | |
| 105 | @ay e 000yy | |
| 200 | 10 | @a英语疑难词语辨析词典@Aying yu yi nan ci yu bian xi ci dian@f(美)哈里·肖著@F(Mei)Ha Li·Xiao Zhu@g贾飙等译 |
| 210 | @a石家庄@c河北教育出版社@d1992.1 | |
| 215 | @a295页@d19cm | |
| 606 | 0 | @a英语@x语义@x词典 |
| 606 | 0 | @a英语@x词汇@x词典 |
| 690 | @aH313-61@v3 | |
| 701 | 0 | @a肖@4著 |
| 702 | 0 | @a贾飙@Ajia biao@4译 |
| 801 | 0 | @aCN@bNLC@c19921118 |
| 905 | @dH313-61@e172@f1@b245336 | |
| 英语疑难词语辨析词典/(美)哈里·肖著/贾飙等译.-石家庄:河北教育出版社,1992.1 |
| 295页;19cm |
| ISBN 7-5434-0968-2:CNY3.55 |
| ● |
| 相关链接 |
|
|
|
|
正题名:英语疑难词语辨析词典
索取号:H313-61/172
 
预约/预借
| 序号 | 登录号 | 条形码 | 馆藏地/架位号 | 状态 | 备注 |
| 1 | 0245335 | 001380767 | 密集书库/ [索取号:H313-61/172] | 在馆 | |
| 2 | 0245336 | 001383871 | 密集书库/ [索取号:H313-61/172] | 在馆 | |
| 3 | 0245337 | 001967287 | 第四借阅区/ [索取号:H313-61/172] | 在馆 | |
| 4 | 0245339 | 001380721 | 第二样本阅览室/ [索取号:H313-61/172] | 在馆 |